00575nam a2200193Ia 450000500170000000800410001704000190005804100120007708200150008924500540010426000320015830000150019065000140020570000260021985000100024594200070025599900170026295201020027920241125135522.0131103s9999 xx 000 0 und d aLoreto College aEnglish a910.7bMAL aGeography workbookcedited by Kiran Kumar Maltiar aPatnabBharati Bhawanc1999 a82p.b map aGeography aMaltiar, Kiran Kumar  aLCBED cBK c29207d79686 00102ddc4070aMAINbMAINd2013-11-04l0o910.7 MAL 13193pB32056r2013-11-04w2013-11-04yBKf